000 00543cam a22002291 4500
001 sa 65007668
003 DLC
005 20260227112150.0
008 890725s1964 ii 000 0 hino
010 _asa 65007668
035 _a(OCoLC)20065654
040 _aDLC
_cWaU
_dDLC
042 _apremarc
043 _aa-ii---
050 0 0 _aDS421
_b.V9
100 1 _aVyas, Ramnarayan.
245 1 0 _aSamāja-darśana.
260 _c[1964]
300 _a8, 171 p.
_c23 cm.
500 _aIn Hindi.
651 0 _aIndia
_xSocial life and customs.
999 _c65282
_d65282